<?xml version="1.0" encoding="UTF-8"?>
<record
    xmlns:xsi="http://www.w3.org/2001/XMLSchema-instance"
    xsi:schemaLocation="http://www.loc.gov/MARC21/slim http://www.loc.gov/standards/marcxml/schema/MARC21slim.xsd"
    xmlns="http://www.loc.gov/MARC21/slim">

  <leader>01371nam0a22002891  4500</leader>
  <controlfield tag="001">rc\524454</controlfield>
  <controlfield tag="005">20250621120503.0</controlfield>
  <datafield tag="035" ind1=" " ind2=" ">
    <subfield code="a">(NLR Aleph) 005763268</subfield>
  </datafield>
  <datafield tag="090" ind1=" " ind2=" ">
    <subfield code="a">4961416</subfield>
    <subfield code="c">4961416</subfield>
  </datafield>
  <datafield tag="100" ind1=" " ind2=" ">
    <subfield code="a">20030616d1988    |||y0rusy50      ca</subfield>
  </datafield>
  <datafield tag="101" ind1="0" ind2=" ">
    <subfield code="a">rus</subfield>
  </datafield>
  <datafield tag="102" ind1=" " ind2=" ">
    <subfield code="a">RU</subfield>
  </datafield>
  <datafield tag="105" ind1=" " ind2=" ">
    <subfield code="a">y   |||||||||</subfield>
  </datafield>
  <datafield tag="200" ind1="1" ind2=" ">
    <subfield code="a">&#x41F;&#x420;&#x410;&#x412;&#x410; &#x447;&#x435;&#x43B;&#x43E;&#x432;&#x435;&#x43A;&#x430; &#x438; &#x43C;&#x435;&#x436;&#x434;&#x443;&#x43D;&#x430;&#x440;&#x43E;&#x434;&#x43D;&#x43E;&#x435; &#x43F;&#x440;&#x430;&#x432;&#x43E;</subfield>
    <subfield code="e">&#x41A; 40-&#x43B;&#x435;&#x442;&#x438;&#x44E; &#x412;&#x441;&#x435;&#x43E;&#x431;&#x449;. &#x434;&#x435;&#x43A;&#x43B;&#x430;&#x440;&#x430;&#x446;&#x438;&#x438; &#x43F;&#x440;&#x430;&#x432; &#x447;&#x435;&#x43B;&#x43E;&#x432;&#x435;&#x43A;&#x430;</subfield>
    <subfield code="f">[&#x411;.&#x421;. &#x41A;&#x440;&#x44B;&#x43B;&#x43E;&#x432;]</subfield>
  </datafield>
  <datafield tag="210" ind1=" " ind2=" ">
    <subfield code="a">&#x41C;.</subfield>
    <subfield code="c">&#x411;. &#x438;.</subfield>
    <subfield code="d">1988</subfield>
  </datafield>
  <datafield tag="215" ind1=" " ind2=" ">
    <subfield code="a">69 &#x441;.</subfield>
    <subfield code="d">21</subfield>
  </datafield>
  <datafield tag="225" ind1="1" ind2=" ">
    <subfield code="a">&#x41F;&#x440;&#x430;&#x432;&#x430; &#x447;&#x435;&#x43B;&#x43E;&#x432;&#x435;&#x43A;&#x430; &#x432; &#x421;&#x421;&#x421;&#x420;</subfield>
    <subfield code="e">&#x41E;&#x431;&#x437;&#x43E;&#x440;. &#x438;&#x43D;&#x444;&#x43E;&#x440;&#x43C;.</subfield>
    <subfield code="f">&#x412;&#x41D;&#x418;&#x418; &#x441;&#x43E;&#x432;. &#x437;&#x430;&#x43A;&#x43E;&#x43D;&#x43E;&#x434;&#x430;&#x442;&#x435;&#x43B;&#x44C;&#x441;&#x442;&#x432;&#x430;</subfield>
    <subfield code="v">&#x412;&#x44B;&#x43F;. 4 (11)</subfield>
  </datafield>
  <datafield tag="300" ind1=" " ind2=" ">
    <subfield code="a">&#x412; &#x43D;&#x430;&#x434;&#x437;&#x430;&#x433;. &#x442;&#x430;&#x43A;&#x436;&#x435;: &#x41C;-&#x432;&#x43E; &#x44E;&#x441;&#x442;&#x438;&#x446;&#x438;&#x438; &#x421;&#x421;&#x421;&#x420;</subfield>
  </datafield>
  <datafield tag="320" ind1=" " ind2=" ">
    <subfield code="a">&#x411;&#x438;&#x431;&#x43B;&#x438;&#x43E;&#x433;&#x440;. &#x432; &#x43F;&#x43E;&#x434;&#x441;&#x442;&#x440;&#x43E;&#x447;. &#x43F;&#x440;&#x438;&#x43C;&#x435;&#x447;.</subfield>
  </datafield>
  <datafield tag="423" ind1=" " ind2="0">
    <subfield code="1">2001#$a&#x41E;&#x445;&#x440;&#x430;&#x43D;&#x430; &#x437;&#x430;&#x43A;&#x43E;&#x43D;&#x43E;&#x43C; &#x43B;&#x438;&#x447;&#x43D;&#x43E;&#x439; &#x436;&#x438;&#x437;&#x43D;&#x438; &#x433;&#x440;&#x430;&#x436;&#x434;&#x430;&#x43D;$f[&#x415;.&#x410;. &#x428;&#x430;&#x445;&#x443;&#x43D;&#x44F;&#x43D;&#x446;]</subfield>
    <subfield code="1">700#1$a&#x428;&#x430;&#x445;&#x443;&#x43D;&#x44F;&#x43D;&#x446;$b&#x415;.&#x410;.</subfield>
    <subfield code="t">&#x41E;&#x445;&#x440;&#x430;&#x43D;&#x430; &#x437;&#x430;&#x43A;&#x43E;&#x43D;&#x43E;&#x43C; &#x43B;&#x438;&#x447;&#x43D;&#x43E;&#x439; &#x436;&#x438;&#x437;&#x43D;&#x438; &#x433;&#x440;&#x430;&#x436;&#x434;&#x430;&#x43D;</subfield>
    <subfield code="a">&#x428;&#x430;&#x445;&#x443;&#x43D;&#x44F;&#x43D;&#x446;, &#x415;.&#x410;.</subfield>
  </datafield>
  <datafield tag="701" ind1=" " ind2="1">
    <subfield code="4">220</subfield>
    <subfield code="7">ca</subfield>
    <subfield code="8">rus</subfield>
    <subfield code="a">&#x41A;&#x440;&#x44B;&#x43B;&#x43E;&#x432;</subfield>
    <subfield code="b">&#x411;. &#x421;.</subfield>
    <subfield code="c">&#x434;-&#x440; &#x44E;&#x440;&#x438;&#x434;. &#x43D;&#x430;&#x443;&#x43A;</subfield>
    <subfield code="f">1923-2013</subfield>
    <subfield code="g">&#x411;&#x43E;&#x440;&#x438;&#x441; &#x421;&#x435;&#x440;&#x433;&#x435;&#x435;&#x432;&#x438;&#x447;</subfield>
    <subfield code="9">180076</subfield>
    <subfield code="3">RU\NLR\AUTH\770180127</subfield>
  </datafield>
  <datafield tag="801" ind1=" " ind2="0">
    <subfield code="a">RU</subfield>
    <subfield code="b">NLR</subfield>
    <subfield code="g">psbo</subfield>
  </datafield>
  <datafield tag="801" ind1=" " ind2="1">
    <subfield code="a">RU</subfield>
    <subfield code="b">ELAR</subfield>
    <subfield code="2">rusmarc</subfield>
  </datafield>
  <datafield tag="852" ind1=" " ind2=" ">
    <subfield code="a">NLR</subfield>
    <subfield code="j">&#x41F;22/5802</subfield>
  </datafield>
  <datafield tag="942" ind1=" " ind2=" ">
    <subfield code="c">BOOK</subfield>
  </datafield>
  <datafield tag="980" ind1=" " ind2=" ">
    <subfield code="a">NB</subfield>
  </datafield>
  <datafield tag="995" ind1=" " ind2=" ">
    <subfield code="5">2013-10-26</subfield>
    <subfield code="b">NLR01</subfield>
    <subfield code="c">NLR01</subfield>
    <subfield code="e">RJF</subfield>
    <subfield code="f">5763268-10</subfield>
    <subfield code="k">&#x41F;22/5802</subfield>
    <subfield code="o">0</subfield>
    <subfield code="r">BOOK</subfield>
    <subfield code="s">225802_</subfield>
  </datafield>
</record>
